| 000 | 00645nam a22001815i 4500 | ||
|---|---|---|---|
| 001 | 68599 | ||
| 003 | ES-MaACL | ||
| 007 | t| | ||
| 008 | 960809s1869 fr ||||1| fre d | ||
| 040 |
_aCAM _bspa _cCAM |
||
| 100 | 1 |
_aGauchet, Claude. _955987 |
|
| 245 | 1 | 3 |
_aLe plaisir des champs avec la venerie, volerie et pescherie _b: poème en quatre parties / _cpar Claude Gauchet. |
| 250 |
_aEd. _brev. et annotée par Prosper Blanchemain. |
||
| 260 |
_aParis : _bLibrairie A. Franck, _c1869 ( _eNogent-Rotrou : _fImpr. par A. Gouverneur) |
||
| 300 |
_aXXII, 376 p. ; _c17 cm. |
||
| 700 | 1 |
_aBlanchemain, Prosper. _929151 |
|
| 852 |
_aES-MaACL _jG-2292 |
||
| 999 |
_c68599 _d68599 |
||